ՀՀ Գիտությունների ազգային ակադեմիայի հիմնարար գիտական գրադարան  =   Fundamental Scientific Library of NAS RA

Ընձառյուծը : (Record no. 77147)

MARC details
000 -LEADER
fixed length control field 00939nam a2200229 a 4500
001 - CONTROL NUMBER
control field 000219994
003 - CONTROL NUMBER IDENTIFIER
control field AM-YeHGA
005 - DATE AND TIME OF LATEST TRANSACTION
control field 20250618071521.0
008 - FIXED-LENGTH DATA ELEMENTS--GENERAL INFORMATION
fixed length control field 030422s1964 ai 000 | arm d
040 ## - CATALOGING SOURCE
Original cataloging agency AM-YeHGA
090 ## - LOCALLY ASSIGNED LC-TYPE CALL NUMBER (OCLC); LOCAL CALL NUMBER (RLIN)
-- 78387
100 1# - MAIN ENTRY--PERSONAL NAME
Personal name Ռիդ, Վիկտոր
245 10 - TITLE STATEMENT
Title Ընձառյուծը :
Remainder of title [Վիպակ] /
Statement of responsibility, etc. Վ. Ռիդ; Թարգմ.՝ Կ. Սիմոնյան; Վերջաբ.՝ Ե. Գալպերինա; Խմբ.՝ Հ. Դանիելյան; Նկ.՝ Ա. Բելյուկին.
260 ## - PUBLICATION, DISTRIBUTION, ETC.
Place of publication, distribution, etc. Երևան :
Name of publisher, distributor, etc. Հայպետհրատ,
Date of publication, distribution, etc. 1964.
300 ## - PHYSICAL DESCRIPTION
Extent 170 էջ :
Other physical details նկ. ;
Dimensions 19 սմ.
650 14 - SUBJECT ADDED ENTRY--TOPICAL TERM
Topical term or geographic name entry element Ամերիկյան գրականություն
General subdivision Վիպակ
700 1# - ADDED ENTRY--PERSONAL NAME
Personal name Սիմոնյան, Կարեն Արամի,
Dates associated with a name 1936-2018
Relator term թարգմ.
Relationship trl
9 (RLIN) 8967
700 1# - ADDED ENTRY--PERSONAL NAME
Personal name Գալպերինա, Ե.
Relator term վերջաբ.
Relationship aft
700 1# - ADDED ENTRY--PERSONAL NAME
Personal name Դանիելյան, Հ. Հ.
Relator term խմբ.
Relationship edt
700 1# - ADDED ENTRY--PERSONAL NAME
Personal name Բելյուկին, Ա.
Relator term նկ.
Relationship art
942 ## - ADDED ENTRY ELEMENTS (KOHA)
Source of classification or shelving scheme Universal Decimal Classification
Koha item type Գրքեր / Books
Holdings
Withdrawn status Lost status Damaged status Not for loan Collection Home library Current library Date acquired Total checkouts Full call number Barcode Date last seen Price effective from Koha item type Public note
        General Fundamental Scientific Library Fundamental Scientific Library 22/12/2016   AII/31354 220031354 22/12/2016 22/12/2016 Գրքեր / Books 30 Days Loan
        General Fundamental Scientific Library Fundamental Scientific Library 22/12/2016   AII/31355 220031355 22/12/2016 22/12/2016 Գրքեր / Books 30 Days Loan
        General Fundamental Scientific Library Fundamental Scientific Library 22/12/2016   AII/31356 220031356 22/12/2016 22/12/2016 Գրքեր / Books 30 Days Loan
        General Fundamental Scientific Library Fundamental Scientific Library 22/12/2016   AII/31357 220031357 22/12/2016 22/12/2016 Գրքեր / Books 30 Days Loan


ՀՀ ԳԱԱ հիմնարար գիտական գրադարան
ՀՀ,Երևան 0019
Մարշալ Բաղրամյան 24/6
հեռախոս:(374-10) 52-47-50
Հետադարձ կապ

All site content, except where otherwise noted, is licensed under a
Creative Commons License